Poetas parnasianos y modernistas

Збережено в:
Бібліографічні деталі
Формат: Книга
Мова:Іспанська
Опубліковано: Puebla J.M. Cajica Jr 1960
Серія:Biblioteca Ecuatoriana Mínima. La Colonia y La República
Предмети:
Теги: Додати тег
Немає тегів, Будьте першим, хто поставить тег для цього запису!

MARC

LEADER 00000nam a2200000 a 4500
001 UCX5005
003 CL-VaPUC
008 920820e19600000MX |||||||||||||||||spa|d
082 0 4 |a 986.6  |b POE  |2 21 
245 1 0 |a Poetas parnasianos y modernistas 
300 |a 710 p 
942 |c BK 
945 |d 19920820 00:00:00 
260 |a Puebla  |b J.M. Cajica Jr  |c 1960 
650 7 |a POETAS ECUATORIANOS  |2 CL-VaPUC  |9 321316 
583 |a last modification  |c 19920820 00:00:00  |k Rodrigo Vera 
490 0 |a Biblioteca Ecuatoriana Mínima. La Colonia y La República 
999 |c 225365  |d 225363 
952 |0 0  |1 0  |4 0  |6 986_600000000000000_POE_1960  |7 0  |8 A  |9 222829  |a BIBHIS  |b BIBHIS  |d 2019-11-15  |i 2915871  |o 986.6 POE 1960  |p 2915871  |r 2025-01-20  |w 2019-11-15  |y BK  |k HIS